| 000 | 00762nam a22002417a 4500 | ||
|---|---|---|---|
| 003 | OSt | ||
| 005 | 20230921091157.0 | ||
| 008 | 221006b |||||||| |||| 00| 0 eng d | ||
| 040 | _cBiblioteca Lado V | ||
| 082 |
_a750 _bY15m |
||
| 100 |
_91079 _aYaker, Moico _eautor |
||
| 245 |
_aMoico Yaker/ _bXXIV Bienal de Sao Paulo/ |
||
| 260 |
_bVARIG _c1998 _aBrasil |
||
| 300 |
_c25x19cm _a1p. |
||
| 366 | _espa | ||
| 505 | _tPresentación | ||
| 650 |
_2Tesauro de Arte & Arquitectura _aARTE _9703 |
||
| 650 |
_2Tesauro de Arte & Arquitectura _aBIENAL _9702 |
||
| 650 |
_2Tesauro de Arte & Arquitectura _aPINTURA _9702 |
||
| 650 |
_2Tesauro de Arte & Arquitectura _aLIBRO POP |
||
| 700 |
_aRoche, Arnaldo _eautor |
||
| 942 |
_2ddc _c1 _h750 _iY15m _n0 |
||
| 999 |
_c4353 _d4353 |
||